Anatomie d'un fleuve # l'Amazone - Statistiques

Statistiques générales
  • Ce quiz a été pris 67 fois
  • Le résultat moyen est 14 sur 24
Statistiques - réponses
Question Réponse % Correct
Dans quel pays l'Amazone prend-elle sa source le Pérou
92%
En terme de longueur, avec quel fleuve est-elle en concurrence ? le Nil
91%
Chaîne de montagnes où se situe cette source les Andes
89%
Le fleuve lui-même traverse seulement trois pays : celui de sa source, le Brésil, et... la Colombie
85%
Poisson commun dans le fleuve, petit mais réputé vorace piranha
85%
Fléau d'origine humaine qui menace gravement l'environnement amazonien, avec des conséquences planétaires déforestation
83%
Combien d'Etats ou territoires constituent la région de l'Amazonie ? 9
79%
Quel paramètre permet de dire que c'est le plus puissant fleuve du monde ? le débit
77%
Grand serpent vivant dans les cours d'eau amazoniens Anaconda
74%
Dans quelle étendue d'eau l'Amazone se jette-t-elle ? L'océan Atlantique
70%
Grand mammifère aquatique présent dans le fleuve Boto (dauphin d'eau douce)
68%
La plus grande ville bordant l'Amazone Manaus
68%
Citez un Etat brésilien traversé par le fleuve Amazone Amazonas | Para
66%
Combien compte-t-on de ponts sur l'Amazone ? zéro
64%
Affluent qui conflue dans cette ville. Indice : ses eaux sont noires Rio Negro
62%
Film racontant la découverte de Paris par un jeune amérindien d'Amazonie Un Indien dans la ville
58%
Ville brésilienne près de son embouchure Belem
55%
Autre fleuve sud-américain, dont il a été démontré qu'il communiquait avec le bassin de l'Amazone Orénoque
45%
Plante à la base du régime alimentaire en Amazonie manioc
38%
Ce nom est le nom portugais de cette ville du Moyen-Orient bien connue des chrétiens Bethléem
30%
Ressource naturelle qui a permis le développement fulgurant de plusieurs villes amazoniennes à la fin du XIXe siècle le caoutchouc
23%
Terme d'origine indienne souvent utilisé quand on évoque la forêt amazonienne jungle
17%
Nom de l'île côtière, grande comme la Suisse, qui est située en bordure de l'embouchure de l'Amazone Marajo
13%
Phénomène naturel particulièrement marqué sur l'Amazone : la marée montante fait alors refluer l'eau du fleuve à l'intérieur des terres, sur plusieurs dizaines de kilomètres Mascaret
13%
Aucun quiz correspondant
Distribution des résultats
% des personnes avec chaque résultat
Percentile par nombre de réponses
Votre historique - résultats
Vous n’avez pas pris ce quiz